00839nam a2200253Ia 450000500170000001000340001702000260005103500130007703500170009003500130010703700190012003700130013908200120015210000170016424500820018126000470026327000460031030000200035650000680037660000330044460000360047760000380051365000340055120170724162725.0 aBAC-EN21 ENG-111937 a9788192304779c600.00 aEN-95469 aB-580121-139 aB-667320 bAakar/Venadpl bDBAD/PUB a954.035 aBimal Prasad aGandhi, Nehru and J.P. :cby Bimal Prasadbstudies in leadership and legacy / c2013aNew DelhibPromilla & Co Publishers  aC-127 Sarvodya EnclavebNew Delhie110017 c22cm(Hb)a389p. a Includes bibliographical references (pages 375-381) and index. aGandhi, Mahatma,d1869-1948. aNehru, Jawaharlal, d1889-1964. aNarayan, Jayaprakash,d1902-1979. aStatesmen zIndiavBiography.